| 000 | 00845nam a2200265 i 4500 | ||
|---|---|---|---|
| 001 | 000049153 | ||
| 003 | DO-SdBNP | ||
| 005 | 20240306175326.0 | ||
| 006 | a||||fr|||| 00| 0 | ||
| 007 | ta | ||
| 008 | 190723s1994 dr r 000 0 spa d | ||
| 040 |
_aDO-SdBNP _bspa _cBNPHU _erda |
||
| 082 | 4 |
_bA485 _222 |
|
| 100 | 1 |
_aAmaro Guzmán, Raymundo _eautor _9656 |
|
| 245 | 1 | 0 |
_aAnteproyecto de reforma constitucional / _cRaymundo Amaro Guzmán, Cristobal Gómez Yangüela. |
| 264 | 1 |
_aSanto Domingo : _bUNPHU, _c1994 |
|
| 300 |
_a92 páginas ; _c20 cm. |
||
| 336 |
_2rdacontent _atexto _btxt |
||
| 337 |
_2rdamedia _asin mediación _bn |
||
| 338 |
_2rdacarrier _avolumen _bnc |
||
| 590 | _aInventariado, 2019/BT | ||
| 700 | 1 | 2 |
_aGómez Yanguela, Cristobal _917052 |
| 710 | 2 |
_aUniversidad Nacional Pedro Henríquez Ureña _983980 |
|
| 942 |
_2ddc _cLBS1 |
||
| 999 |
_c48641 _d48641 |
||